|
|
|
|
| LEADER |
02061cam a2200253 a 4500 |
| 008 |
080502s2008 ctua bf 001 0 eng |
| 010 |
|
|
|a 2008019925
|
| 020 |
|
|
|a 9780313341892(alk.paper)
|c $61
|
| 082 |
0 |
0 |
|a 398.2083
|2 22
|
| 100 |
1 |
|
|a Tucker, Elizabeth,
|
| 245 |
1 |
0 |
|a Children's folklore :
|b a handbook /
|c Elizabeth Tucker.
|
| 260 |
|
|
|a Westport, Conn. :
|b Greenwood Press,
|c c2008.
|
| 300 |
|
|
|a viii, 164 p. :
|b ill. ;
|c 24 cm.
|
| 490 |
0 |
|
|a Greenwood folklore handbooks,
|x 1549-733X
|
| 504 |
|
|
|a Includes bibliographical references and index.
|
| 505 |
0 |
|
|a Light as a feather-- -- Tradition and creativity -- Reflections of social and political change -- Collecting folklore from children -- Folklore and education -- Definitions and classifications -- Childhood -- Folklore -- Play -- Riddles, jokes, and routines of victimization -- Rhymes -- Taunts and counter-taunts -- Songs -- Cheers -- Games -- Pranks -- Narratives -- Rituals -- Material culture -- Examples and texts -- Introduction -- Riddles, jokes, and routines of victimization -- Rhymes -- Taunts and counter-taunts -- Songs -- Cheers -- Games -- Pranks -- Narratives -- Rituals -- Material culture -- Scholarship and approaches -- Founding scholars -- Playground pioneers -- Performance -- Psychoanalytic approaches -- Gender -- Space and place -- The supernatural -- Cross-cultural comparison -- Aggression and violence -- Contexts -- Autobiography -- Children's literature -- Film -- Television -- Toys and games -- Dolls.
|
| 650 |
|
0 |
|a Folklore and children
|v Handbooks, manuals, etc.
|
| 650 |
|
0 |
|a Children
|x Folklore
|v Handbooks, manuals, etc.
|
| 856 |
4 |
1 |
|u http://www.loc.gov/catdir/toc/ecip0817/2008019925.html
|
| 942 |
|
|
|c REF
|
| 906 |
|
|
|a 7
|b cbc
|c orignew
|d 1
|e ecip
|f 20
|g y-gencatlg
|
| 955 |
|
|
|a sf03 2008-05-02
|i sf03 2008-05-02 (telework)
|a aa24 2008-05-05
|a ps02 2008-09-26 1 copy rec'd., to CIP ver.;
|
| 999 |
|
|
|c 287701
|d 287701
|
| 952 |
|
|
|0 0
|1 0
|4 0
|6 R_398_208300000000000_TUC_C
|7 0
|9 326589
|a FLK
|b FLK
|c REF
|d 2018-02-21
|e REF
|g 4056.50
|i 5467
|l 0
|o R 398.2083 TUC/C
|p FLK5467
|r 2018-02-21
|w 2018-08-23
|y REF
|